An introduction to computer integrated business

Αποθηκεύτηκε σε:
Λεπτομέρειες βιβλιογραφικής εγγραφής
Κύριος συγγραφέας: Beddie, Lesley A. 1953-
Άλλοι συγγραφείς: Raeburn, Scott 1947-
Μορφή: Βιβλίο
Γλώσσα:English
Δημοσίευση: New York : Prentice Hall, 1989
Σειρά:Business information technology series
Θέματα:
Ετικέτες: Προσθήκη ετικέτας
Δεν υπάρχουν, Καταχωρήστε ετικέτα πρώτοι!

MARC

LEADER 00000cam a2200000 i 4500
001 1/20181
008 950727s1989 eng d
020 |a 0134797264 ((pbk.))  |c $30.00 (est.) 
020 |a 0134797183 
035 |l 10021503 
040 |a GR-MY-UA  |b gre  |e aacr 
041 0 |a eng 
082 0 |a 658/.05  |2 (19) 
100 1 |a Beddie, Lesley A.  |d 1953- 
245 1 3 |a An introduction to computer integrated business /  |c Lesley A. Beddie, Scott Raeburn 
246 3 3 |a Computer integrated business 
260 |a New York :   |b Prentice Hall,   |c 1989 
300 |a xviii, 279 p.;  |b ill.;  |c 24 cm 
490 1 |a Business information technology series 
504 |a Includes bibliographical references 
650 0 0 |a Business  |x Data processing. 
650 0 0 |a Accounting  |x Data processing. 
700 1 |a Raeburn, Scott  |d 1947- 
852 |a INST  |b CHIOS  |e 19950727  |h 658.05 BED  |p 005200002482  |q 005200002482  |t BK  |y 0 
909 |a Χ  |b 024096